Представление документа в формате RUSMARC

ПолеНазваниеЗначение
  Тип записи a
  Библиографический уровень a
001 Контрольный номер RU/CBS_Ul/BASE/530376769
005 Дата корректировки 20240209175109.6
100 Данные общей обработки __
a Данные общей обработки 20161021d2016 ||| 0rusy0189 ca
101 Язык документа 0_
a Язык текста rus
102 Страна публикации __
a Страна публикации RU
105 Кодированные данные (монография) __
a Кодированные данные (монография) y###||||000|y
200 Заглавие и сведения об ответственности 1_
a Заглавие Подвиг врача
b Общее обозначение материала Текст
e Сведения, относящиеся к заглавию [14 октября исполнилось 72 года со дня гибели нашей землячки, капитана медицинской службы, участницы движения Сопротивления Марии Мусоровой]
f Первые сведения об ответственности С. Никифорова
300 Общие примечания __
a Общие примечания Ограничения по возрасту - 16+
461 Уровень набора _0
1 2000
a Ульяновск сегодня
463 Уровень физической единицы _0
1 001RU/CBS_Ul/BASE/530364277
1 2000
a № 90 (21 окт.)
v С. 11
1 210
d 2016
600 Персоналии _0
a Персоналии (Фамилия) Мусорова
b Персоналии (Имя, инициалы) М. Ф.
600 Персоналии _0
a Персоналии (Фамилия) Дэфэн
b Персоналии (Имя, инициалы) Г.
606 Тематические рубрики 0_
a Основная рубрика Мусорова, Мария Фёдоровна (1911-1944)
y Географическая подрубрика Димитровград, город (Ульяновская область)
606 Тематические рубрики 0_
a Основная рубрика Улицы - Наименование - Ульяновск, город
606 Тематические рубрики 0_
y Географическая подрубрика Щитно, город (Польша)
610 Ключевые слова __
a Ключевые слова Великая Отечественная война
610 Ключевые слова 0_
a Ключевые слова ВОВ
610 Ключевые слова 0_
a Ключевые слова герои Великой Отечественной войны
610 Ключевые слова 0_
a Ключевые слова участники Великой Отечественной войны
610 Ключевые слова 0_
a Ключевые слова врачи
610 Ключевые слова 0_
a Ключевые слова Сопротивление (движения)
610 Ключевые слова 0_
a Ключевые слова пленные
610 Ключевые слова 0_
a Ключевые слова русские пленные
610 Ключевые слова 0_
a Ключевые слова немецкий плен
610 Ключевые слова 0_
a Ключевые слова увековечение памяти
610 Ключевые слова 0_
a Ключевые слова памятники
610 Ключевые слова 0_
a Ключевые слова улицы
610 Ключевые слова 0_
a Ключевые слова улицы города
610 Ключевые слова 0_
a Ключевые слова Мусоровой (улицы)
686 Индексы других классификаций __
a Классификационный индекс 63.3(2)622.78
2 Код системы ББК
686 Индексы других классификаций __
a Классификационный индекс 63.3(2Рос235.54)
2 Код системы ББК
700 Автор _1
a Фамилия Никифорова
b Имя (инициалы) С.
801 Источник записи _0
a Страна RU
b Организация МБУК ЦБС г. Ульяновска
c Дата составления 20161021
g Правила каталогизации RCR
801 Источник записи _1
a Страна RU
b Организация МБУК ЦБС г. Ульяновска
c Дата составления 20161021
g Правила каталогизации RCR
901 Тип документа __
t Тип документа b
w Контрольный № источника RU/CBS_Ul/BASE/530364277
910 Корректоры записи __
a Корректор записи Сидоркина
938 Служебная информация __
a Имя БД kraeved